Rethinking the east asia miracle

The crisis which gripped East Asia during 1997-99 underscored the urgency for cross-sectoral reform just as the strong revival of virtually all the economies in the region convinced the doubters that the East Asian miracle had by no means run its course.

Đã lưu trong:
书目详细资料
格式: 图书
语言:Undetermined
出版: Washington, D.C. World Bank 2001
主题:
标签: 添加标签
没有标签, 成为第一个标记此记录!
Thư viện lưu trữ: Trung tâm Học liệu Trường Đại học Cần Thơ
LEADER 00835nam a2200205Ia 4500
001 CTU_222232
008 210402s9999 xx 000 0 und d
020 |c 10.95 
082 |a 330.950429 
082 |b R438 
245 0 |a Rethinking the east asia miracle 
245 0 |c Joseph E. Stiglitz and Shahid Yusuf, editors 
260 |a Washington, D.C. 
260 |b World Bank 
260 |c 2001 
520 |a The crisis which gripped East Asia during 1997-99 underscored the urgency for cross-sectoral reform just as the strong revival of virtually all the economies in the region convinced the doubters that the East Asian miracle had by no means run its course. 
650 |a Finance,Tài chính 
650 |z East Asia,Đông Á 
904 |i Nguyễn An Khang,Hải 
980 |a Trung tâm Học liệu Trường Đại học Cần Thơ